header

Thinking fluid dynamics with dolphins (Record no. 208754)

MARC details
000 -LEADER
fixed length control field 01220nam a2200313Ia 4500
100 1# - MAIN ENTRY--AUTHOR NAME
Personal name Nagai, Minoru.
245 10 - TITLE STATEMENT
Title Thinking fluid dynamics with dolphins
260 ## - PUBLICATION, DISTRIBUTION, ETC. (IMPRINT)
Place of publication Tokyo :
Name of publisher Ohmsha ;
Place of publication Amsterdam :
Name of publisher IOS,
Year of publication 2002.
300 ## - PHYSICAL DESCRIPTION
Number of Pages 119 p. :
Other physical details ill. (some col.)
650 #0 - SUBJECT ADDED ENTRY--TOPICAL TERM
Topical Term Dolphins
Topical Term Fluid dynamics.
856 40 - ELECTRONIC LOCATION AND ACCESS
Uniform Resource Identifier http://site.ebrary.com/lib/rucke/Doc?id=10116486

No items available.

© 2026 Rongo University
Contact us: librarian | system librarian | Rongo university